[Event "Malaga op-13"]
[Site "Malaga"]
[Date "2010.02.26"]
[Round "8.24"]
[White "Aranaz Murillo, Amalia"]
[Black "Charleshouse, Glenn L"]
[Result "1-0"]
[WhiteElo "2057"]
[BlackElo "2203"]
[PlyCount "73"]
[EventDate "2010.02.20"]

1. Nf3 Nf6 2. c4 b6 3. g3 Bb7 4. Bg2 e6 5. O-O Be7 6. d4 O-O 7. Re1 d5 8. cxd5
exd5 9. Nc3 c5 10. dxc5 bxc5 11. Qb3 Qb6 12. Ne5 Na6 13. Nxd5 Nxd5 14. Bxd5
Bxd5 15. Qxd5 Nb4 16. Qb3 Qc7 17. Nc4 Nc6 18. Bf4 Qc8 19. Rac1 Nd4 20. Qa4 Qg4
21. Ne5 Qh5 22. Qd7 Rfe8 23. Qg4 Qxg4 24. Nxg4 h5 25. Ne3 Bf8 26. Kf1 Rac8 27.
Nc4 Re6 28. h4 g6 29. e3 Nf5 30. Red1 Ra6 31. a3 Ra4 32. Rd7 Bg7 33. b3 Ra6 34.
Rcd1 Bf6 35. Rb7 Be7 36. Rdd7 Kf8 37. e4 1-0

[Event "Malaga op-13"]
[Site "Malaga"]
[Date "2010.02.26"]
[Round "8.25"]
[White "Navia Martin, Sergio"]
[Black "Gutierrez Castillo, Paloma"]
[Result "0-1"]
[WhiteElo "1953"]
[BlackElo "2161"]
[PlyCount "82"]
[EventDate "2010.02.20"]

1. d4 Nf6 2. c4 g6 3. Nc3 Bg7 4. g3 d6 5. Bg2 O-O 6. Nf3 Nbd7 7. O-O e5 8. e4
exd4 9. Nxd4 Re8 10. h3 a6 11. Re1 Rb8 12. f4 c5 13. Nf3 b5 14. Qxd6 b4 15. Nd5
Nxe4 16. Qc7 Bb7 17. Qxd8 Rbxd8 18. Kh2 Bxd5 19. cxd5 Nef6 20. Rd1 Nb6 21. d6
Nc8 22. Ne5 Rxd6 23. Be3 Nd7 24. Bc6 Bxe5 25. Bxd7 Rxd7 26. Rxd7 Bxb2 27. Rb1
Nb6 28. Rb7 Na4 29. Bc1 Re2+ 30. Kg1 Re1+ 31. Kf2 Rxc1 32. Rxc1 Bxc1 33. Ra7
Nc3 34. Rxa6 Ba3 35. Rc6 Nxa2 36. Rxc5 b3 37. Rb5 b2 38. Rb3 Nc3 39. g4 b1=Q
40. Rxb1 Nxb1 41. f5 g5 0-1

[Event "Malaga op-13"]
[Site "Malaga"]
[Date "2010.02.26"]
[Round "8.26"]
[White "Cisnero Alvarez, Juan Jose"]
[Black "Moreno Alberti, Manuel Maria"]
[Result "1-0"]
[WhiteElo "2110"]
[BlackElo "1971"]
[PlyCount "90"]
[EventDate "2010.02.20"]

1. c4 Nf6 2. Nf3 g6 3. g3 Bg7 4. Bg2 d6 5. d4 Nbd7 6. O-O c6 7. Nc3 O-O 8. e4
Qc7 9. h3 e5 10. Be3 Re8 11. Qc2 b6 12. b4 a6 13. dxe5 dxe5 14. c5 bxc5 15.
bxc5 Bf8 16. Na4 Rb8 17. Rab1 Rb5 18. Nd2 Rd8 19. Rfc1 Ne8 20. Bf1 Ng7 21. Bxb5
axb5 22. Nb6 Ne6 23. Nb3 Bg7 24. Rd1 Bf8 25. Rbc1 Bb7 26. Nxd7 Rxd7 27. Rxd7
Qxd7 28. Rd1 Qc7 29. Qd2 Bc8 30. Bh6 Be7 31. Be3 Qa7 32. Qa5 Qxa5 33. Nxa5 Nd8
34. Rxd8+ Bxd8 35. Nxc6 Bf6 36. Na7 Ba6 37. h4 Bd8 38. Nc6 Bc7 39. Nb4 Bc8 40.
Nd5 Bd8 41. c6 Kf8 42. Bc5+ Ke8 43. c7 Bxc7 44. Nxc7+ Kd7 45. Nxb5 Bb7 1-0

[Event "Malaga op-13"]
[Site "Malaga"]
[Date "2010.02.26"]
[Round "8.27"]
[White "Ladron De Guevara Pinto, Paolo"]
[Black "Bolle, Leendert J.M"]
[Result "1-0"]
[WhiteElo "2079"]
[BlackElo "1948"]
[PlyCount "93"]
[EventDate "2010.02.20"]

1. e4 c5 2. Nf3 d6 3. d4 cxd4 4. Nxd4 Nf6 5. Nc3 a6 6. Be3 e5 7. Nb3 Be6 8. Qd2
Nbd7 9. f4 Qc7 10. O-O-O Rc8 11. Kb1 Be7 12. f5 Bc4 13. g4 Nxg4 14. Rg1 Nxe3
15. Qxe3 Nf6 16. Rxg7 h5 17. h3 b5 18. Rg2 b4 19. Bxc4 Qxc4 20. Nd5 Nxd5 21.
exd5 Bf6 22. Na5 Qc5 23. Qxc5 dxc5 24. Nc4 Rd8 25. Re2 Rg8 26. Nxe5 Kf8 27. c4
bxc3 28. bxc3 Rg3 29. c4 Rxh3 30. Rd3 Rh4 31. Rb3 Bxe5 32. Rxe5 Rxc4 33. f6 Rb4
34. Rxh5 Kg8 35. Kc2 Rxb3 36. Kxb3 Rd6 37. Rf5 Rb6+ 38. Kc4 Kh7 39. Kxc5 Rb5+
40. Kc6 Kg6 41. Rf2 Rb1 42. d6 Rc1+ 43. Kd7 a5 44. Ke7 Re1+ 45. Kd8 a4 46. d7
a3 47. Rc2 1-0

[Event "Malaga op-13"]
[Site "Malaga"]
[Date "2010.02.26"]
[Round "8.30"]
[White "Lara Granero, Bio"]
[Black "Ramos Cantos, Juan Jesus"]
[Result "1-0"]
[WhiteElo "2026"]
[BlackElo "1921"]
[PlyCount "39"]
[EventDate "2010.02.20"]

1. e4 c5 2. f4 Nc6 3. Nf3 d6 4. c3 Nf6 5. d3 e5 6. Be2 Be7 7. O-O O-O 8. f5 d5
9. Qc2 Qc7 10. h3 c4 11. exd5 Nxd5 12. dxc4 Bc5+ 13. Kh1 Ne3 14. Bxe3 Bxe3 15.
Na3 Qe7 16. Bd3 f6 17. Be4 g5 18. Nh2 h5 19. Qe2 Qh7 20. Qxe3 1-0

[Event "Malaga op-13"]
[Site "Malaga"]
[Date "2010.02.26"]
[Round "8.32"]
[White "Marquez Bernal, Florencio"]
[Black "Jurado Vazquez, Javier"]
[Result "1-0"]
[WhiteElo "2003"]
[BlackElo "1850"]
[PlyCount "53"]
[EventDate "2010.02.20"]

1. Nf3 d5 2. c4 c6 3. g3 Nd7 4. b3 e5 5. cxd5 cxd5 6. Bb2 e4 7. Nd4 Ngf6 8. Bg2
Bd6 9. O-O O-O 10. d3 Be5 11. e3 Nc5 12. dxe4 dxe4 13. Nd2 Re8 14. Qb1 b6 15.
b4 Ncd7 16. Nc6 Qc7 17. Nxe5 Nxe5 18. Nxe4 Nxe4 19. Qxe4 Ba6 20. Rfc1 Qd6 21.
Bxe5 Qe6 22. Qf4 Rad8 23. Bd4 Bd3 24. Rc6 Qe7 25. Rc7 Rd7 26. Rac1 Rf8 27. Qe5
1-0

[Event "Malaga op-13"]
[Site "Malaga"]
[Date "2010.02.26"]
[Round "8.33"]
[White "Anaya Lopez, Gonzalo Javier"]
[Black "Lopez Guerrero, Jose Miguel"]
[Result "1/2-1/2"]
[WhiteElo "1872"]
[BlackElo "2001"]
[PlyCount "114"]
[EventDate "2010.02.20"]

1. e4 c5 2. Nc3 Nc6 3. d3 d6 4. g3 g6 5. Be3 Bg7 6. Qd2 Bd7 7. Bg2 b5 8. f4 Rb8
9. Nf3 b4 10. Nd1 e6 11. O-O Nge7 12. h3 O-O 13. Kh1 Qc7 14. g4 Rfc8 15. g5 Qb6
16. Nh2 f5 17. gxf6 Bxf6 18. Ng4 Bg7 19. f5 exf5 20. Nh6+ Bxh6 21. Bxh6 Kf7 22.
exf5 gxf5 23. Qg5 Rg8 24. Qh5+ Rg6 25. Ne3 Kg8 26. Nd5 Qd8 27. Nf4 Ne5 28. Nxg6
hxg6 29. Qh4 Nf7 30. Qf6 Nxh6 31. Rae1 Be8 32. Rxe7 Bf7 33. Bd5 Bxd5+ 34. Kh2
Bf7 35. Rg1 Kf8 36. Rge1 Kg8 37. R1e6 d5 38. Qg5 Rb6 39. Qxh6 Rxe6 40. Rxe6
Qc7+ 41. Kh1 Bxe6 42. Qxg6+ Kf8 43. Qxe6 Qf4 44. Qf6+ Kg8 45. Qd8+ Kh7 46. Qxd5
Qf1+ 47. Kh2 Qf2+ 48. Qg2 Qf4+ 49. Kg1 Qc1+ 50. Qf1 Qxc2 51. Qxf5+ Kh6 52. Qf6+
Kh7 53. Qh4+ Kg6 54. Qg3+ Kh7 55. Qf2 Qxd3 56. Qxc5 Qb1+ 57. Kg2 Qxb2+ 1/2-1/2

[Event "Malaga op-13"]
[Site "Malaga"]
[Date "2010.02.26"]
[Round "8.34"]
[White "Jimenez Ruiz, Jose Carlos"]
[Black "Ramos Guaz, Jose Manuel"]
[Result "1/2-1/2"]
[WhiteElo "1979"]
[BlackElo "1873"]
[PlyCount "61"]
[EventDate "2010.02.20"]

1. c4 Nf6 2. g3 g6 3. Bg2 Bg7 4. Nc3 O-O 5. d3 d6 6. Bg5 h6 7. Bd2 c5 8. a3 Nc6
9. Rb1 Rb8 10. b4 Bd7 11. Nf3 Qc8 12. h4 Kh7 13. Nd5 Nxd5 14. cxd5 Nd4 15. Nxd4
Bxd4 16. e3 Bg7 17. bxc5 dxc5 18. O-O b6 19. Qc2 Qa6 20. Bc3 Ba4 21. Qb2 Bxc3
22. Qxc3 Rfc8 23. Bh3 Rd8 24. Qe5 Qb7 25. Bg2 Qd7 26. Rfc1 Qd6 27. Qxd6 exd6
28. Bh3 Kg7 29. Rc4 Bd7 30. Bxd7 Rxd7 31. a4 1/2-1/2

[Event "Malaga op-13"]
[Site "Malaga"]
[Date "2010.02.26"]
[Round "8.36"]
[White "Medina Menendez, Eduardo Matias"]
[Black "Escofet Llongueras, Joan"]
[Result "1-0"]
[WhiteElo "2109"]
[BlackElo "1868"]
[PlyCount "79"]
[EventDate "2010.02.20"]

1. Nf3 Nf6 2. g3 g6 3. Bg2 Bg7 4. O-O O-O 5. c4 c5 6. Nc3 Nc6 7. d4 cxd4 8.
Nxd4 a6 9. Nxc6 bxc6 10. e4 Qc7 11. Re1 d6 12. c5 Bb7 13. Bf4 Rfd8 14. Qb3 Nh5
15. Be3 Rab8 16. cxd6 exd6 17. Bb6 Qe7 18. Bxd8 Qxd8 19. Rad1 Qc7 20. Rd3 Bc8
21. Qa3 Bf8 22. b3 Nf6 23. Qc1 Bb7 24. Qg5 Bg7 25. Red1 Ne8 26. h4 Bc8 27. h5
h6 28. Qf4 g5 29. Qe3 Be6 30. Ne2 c5 31. f4 Bg4 32. Bf3 Bxf3 33. Qxf3 Qe7 34.
Re3 Rb4 35. a3 g4 36. Qg2 Rb8 37. Kh2 Nf6 38. e5 Nxh5 39. Rxd6 f6 40. Qd5+ 1-0

[Event "Malaga op-13"]
[Site "Malaga"]
[Date "2010.02.26"]
[Round "8.37"]
[White "Ladron De Guevara Pinto, Miguel"]
[Black "Sierra Garcia, Manuel"]
[Result "1-0"]
[WhiteElo "2020"]
[BlackElo "1753"]
[PlyCount "65"]
[EventDate "2010.02.20"]

1. e4 e6 2. b3 d5 3. Bb2 Nf6 4. e5 Nfd7 5. f4 c5 6. Qg4 h5 7. Qg3 Rg8 8. Nf3 g6
9. d4 cxd4 10. Nxd4 Be7 11. Nf3 Nc6 12. Bd3 Qb6 13. Ke2 Nc5 14. Nc3 a5 15. Rad1
Bd7 16. Qf2 Qb4 17. g3 Ne4 18. Qe1 Nxc3+ 19. Bxc3 Qa3 20. Nd4 Nb4 21. Bxb4 axb4
22. Ra1 Qb2 23. Nb5 Bxb5 24. Bxb5+ Kf8 25. Bd3 Rxa2 26. Rxa2 Qxa2 27. Qa1 Qa3
28. Qd4 Kg7 29. Ra1 Ra8 30. Rxa3 bxa3 31. Qa1 a2 32. c3 Ba3 33. Qxa2 1-0

[Event "Malaga op-13"]
[Site "Malaga"]
[Date "2010.02.26"]
[Round "8.38"]
[White "Corrales Ibanez, Pedro Luis"]
[Black "Antunez Munoz, Juan Jesus"]
[Result "1-0"]
[WhiteElo "2016"]
[BlackElo "1753"]
[PlyCount "64"]
[EventDate "2010.02.20"]

1. e4 c5 2. d4 cxd4 3. c3 g6 4. cxd4 d5 5. exd5 Nf6 6. Nc3 Nxd5 7. Bc4 Nxc3 8.
Qb3 e6 9. bxc3 Bg7 10. Ba3 Nc6 11. Nf3 Ne7 12. Bb5+ Bd7 13. Ne5 Bxe5 14. dxe5
Bc6 15. Bxc6+ bxc6 16. O-O O-O 17. Rfd1 Qc7 18. Bd6 Qd7 19. Qa3 Rfe8 20. Rab1
Nf5 21. g4 Nxd6 22. Qxd6 Qc8 23. Qc5 Qa6 24. Rd7 Qxa2 25. Rbb7 Qe2 26. Qd4 Rf8
27. Qf4 h5 28. Rxf7 Qd1+ 29. Kg2 Qd5+ 30. f3 Qa2+ 31. Kg3 h4+ 32. Kh3 Qxh2+ 1-0

[Event "Malaga op-13"]
[Site "Malaga"]
[Date "2010.02.26"]
[Round "8.39"]
[White "Alba Atencia, Jose Antonio"]
[Black "Garcia Roman, Jose Luis Machado"]
[Result "1/2-1/2"]
[WhiteElo "1745"]
[BlackElo "2003"]
[PlyCount "93"]
[EventDate "2010.02.20"]

1. d4 b5 2. e3 a6 3. Nf3 Bb7 4. g3 g6 5. Bg2 Bg7 6. O-O Nf6 7. Nbd2 O-O 8. c4
bxc4 9. Nxc4 d6 10. Bd2 Nbd7 11. Bc3 Bd5 12. Ncd2 Qb8 13. Ne1 Bxg2 14. Nxg2 Nd5
15. Qb3 Nxc3 16. bxc3 c5 17. Qxb8 Raxb8 18. Rab1 cxd4 19. cxd4 d5 20. Nb3 e5
21. Rfd1 exd4 22. Nxd4 Ne5 23. Nf4 Rbd8 24. Rb6 a5 25. Rb5 a4 26. Rxd5 Rxd5 27.
Nxd5 Rd8 28. Nc3 a3 29. Ncb5 Nf3+ 30. Kg2 Nxd4 31. Nxd4 Rb8 32. Rd3 Bf8 33. Nc2
Ra8 34. f4 f5 35. Kf3 h5 36. e4 fxe4+ 37. Kxe4 Re8+ 38. Kf3 Ra8 39. h3 Kf7 40.
g4 hxg4+ 41. hxg4 Ke7 42. Ke4 Ra4+ 43. Rd4 Ra6 44. Rd3 Ra4+ 45. Rd4 Ra6 46. Rd3
Ra4+ 47. Rd4 1/2-1/2

[Event "Malaga op-13"]
[Site "Malaga"]
[Date "2010.02.26"]
[Round "8.40"]
[White "Candamil Neira, Gabriel Alfonso"]
[Black "Anillo Fernandez, Isabel Maria"]
[Result "1/2-1/2"]
[WhiteElo "1955"]
[BlackElo "1453"]
[PlyCount "91"]
[EventDate "2010.02.20"]

1. e4 c5 2. Nc3 Nc6 3. Bc4 e6 4. f4 Nge7 5. Nf3 g6 6. e5 Bg7 7. d4 cxd4 8. Nxd4
Nxd4 9. Qxd4 Nf5 10. Qf2 d5 11. Bb5+ Bd7 12. g4 Ne7 13. Be3 b6 14. O-O-O f5 15.
exf6 Bxf6 16. Bd4 Bxd4 17. Bxd7+ Qxd7 18. Qxd4 O-O-O 19. Rd3 h5 20. g5 Rhf8 21.
Qb4 Nc6 22. Qa4 Kb7 23. Rhd1 Qc7 24. Ne2 Qd6 25. Kb1 Qc7 26. Rc3 Qd7 27. Ra3
Kb8 28. Kc1 Qc7 29. Nd4 Nxd4 30. Rxd4 Rd7 31. Rc3 Qb7 32. Re3 Re7 33. Qb4 Qd7
34. c4 Qc7 35. Rxe6 Rxe6 36. Qxf8+ Kb7 37. b3 Rc6 38. Rxd5 a6 39. a4 Rxc4+ 40.
bxc4 Qxc4+ 41. Kb2 Qxd5 42. Qe7+ Kc6 43. Qf6+ Qd6 44. Qc3+ Kd7 45. Qg7+ Kc6 46.
Qc3+ 1/2-1/2

[Event "Malaga op-13"]
[Site "Malaga"]
[Date "2010.02.26"]
[Round "8.41"]
[White "Diaz Begonte, Manuel"]
[Black "Fournier, Manuel"]
[Result "1-0"]
[WhiteElo "1820"]
[BlackElo "1935"]
[PlyCount "21"]
[EventDate "2010.02.20"]

1. e4 e5 2. d4 exd4 3. f4 Nc6 4. Nf3 Bc5 5. a3 a5 6. Bd3 Nf6 7. O-O O-O 8. e5
Nd5 9. Bxh7+ Kxh7 10. Ng5+ Kh6 11. Qd3 1-0

[Event "Malaga op-13"]
[Site "Malaga"]
[Date "2010.02.26"]
[Round "8.42"]
[White "Perez Guerra, Alberto"]
[Black "Barroso Campos, Manuel"]
[Result "1-0"]
[WhiteElo "1670"]
[BlackElo "1910"]
[PlyCount "117"]
[EventDate "2010.02.20"]

1. e4 c5 2. Nf3 d6 3. d4 cxd4 4. Nxd4 Nf6 5. Nc3 a6 6. Bg5 e6 7. f4 Be7 8. Qf3
Qc7 9. O-O-O h6 10. Bh4 b5 11. Bxf6 gxf6 12. a3 Nc6 13. Nxc6 Qxc6 14. Qh5 Rb8
15. f5 Qc5 16. Qf3 b4 17. axb4 Qxb4 18. b3 Bd7 19. Bc4 Bb5 20. Nxb5 axb5 21.
Bd3 Rc8 22. fxe6 fxe6 23. Qh5+ Kf8 24. Qxb5 Qa3+ 25. Kd2 f5 26. Rhf1 Bg5+ 27.
Ke2 Qa7 28. Rf3 Rc5 29. Qb4 Ke7 30. Qd4 Bf6 31. Qf2 fxe4 32. Bxe4 Rf8 33. b4
Rc7 34. Qxa7 Rxa7 35. c4 Ra2+ 36. Rd2 Rxd2+ 37. Kxd2 Bg5+ 38. Ke2 Rxf3 39. Bxf3
Bf4 40. g3 Be5 41. Kd3 Kd7 42. c5 dxc5 43. bxc5 Bf6 44. h4 Be5 45. g4 Bf4 46.
Be4 Bc1 47. Kd4 Bb2+ 48. Kc4 Bc1 49. Kb5 Kc7 50. Bg6 Bf4 51. Bf7 Kd7 52. c6+
Ke7 53. Bg8 Bc7 54. Ka6 e5 55. Kb7 Kd6 56. Bh7 Ba5 57. g5 hxg5 58. hxg5 Ke6 59.
c7 1-0

[Event "Malaga op-13"]
[Site "Malaga"]
[Date "2010.02.26"]
[Round "8.46"]
[White "Canamero Corredera, Jose Antoni"]
[Black "Moreno Cervera, Jose Luis"]
[Result "0-1"]
[WhiteElo "1662"]
[BlackElo "1929"]
[PlyCount "60"]
[EventDate "2010.02.20"]

1. d4 d5 2. Nf3 Nf6 3. Bf4 Nh5 4. Bg3 Nxg3 5. hxg3 c6 6. c3 Nd7 7. e3 Qc7 8.
Bd3 g6 9. Nbd2 e5 10. dxe5 Nxe5 11. Nxe5 Qxe5 12. Nf3 Qe7 13. Qa4 Bg7 14. Qh4
a5 15. Qxe7+ Kxe7 16. a4 Bd7 17. Kd2 h6 18. Nd4 Rhb8 19. e4 c5 20. Ne2 dxe4 21.
Bxe4 Bc6 22. Bxc6 bxc6 23. Kc2 Rd8 24. Rad1 h5 25. Rhe1 Kf8 26. c4 Bd4 27. f3
Rab8 28. b3 Rb7 29. Rd3 Re8 30. Kd1 Rbe7 0-1

[Event "Malaga op-13"]
[Site "Malaga"]
[Date "2010.02.26"]
[Round "8.47"]
[White "Martin Carmona, Gaston"]
[Black "Girela Sarrion, Manuel"]
[Result "1-0"]
[WhiteElo "1887"]
[BlackElo "1571"]
[PlyCount "35"]
[EventDate "2010.02.20"]

1. e4 c5 2. Nf3 Nc6 3. d4 cxd4 4. Nxd4 Nf6 5. Nc3 e5 6. Ndb5 d6 7. Bg5 a6 8.
Na3 b5 9. Nd5 Be6 10. Bxf6 gxf6 11. c4 bxc4 12. Nxc4 Rb8 13. Be2 Nd4 14. Nce3
Qa5+ 15. Kf1 Be7 16. b4 Qa3 17. Nc4 Bxd5 18. Nxa3 1-0

[Event "Malaga op-13"]
[Site "Malaga"]
[Date "2010.02.27"]
[Round "9.3"]
[White "Paunovic, Dragan"]
[Black "Quillan, Gary"]
[Result "0-1"]
[WhiteElo "2551"]
[BlackElo "2364"]
[PlyCount "78"]
[EventDate "2010.02.20"]

1. Nf3 d6 2. d4 Bg4 3. e4 Nf6 4. Nc3 e6 5. h3 Bh5 6. Qe2 c6 7. g4 Bg6 8. h4 h5
9. g5 Nfd7 10. Bf4 Qa5 11. Nd2 Be7 12. Bg2 Nf8 13. O-O-O b5 14. a3 a6 15. Bg3
d5 16. Nb3 Qd8 17. f4 dxe4 18. Nxe4 Bf5 19. Bf3 Ng6 20. Nbc5 Qa5 21. Kb1 Nd7
22. Nc3 Nxc5 23. dxc5 O-O 24. Ne4 b4 25. axb4 Qxb4 26. Qd2 Bxc5 27. Nxc5 Qxc5
28. Bf2 Qc4 29. Bd4 c5 30. Qc3 Qxc3 31. Bxc3 Rad8 32. Be5 Nxe5 33. fxe5 Bg4 34.
Bxg4 hxg4 35. Rde1 Rd4 36. c3 Rd2 37. Rd1 Re2 38. Rde1 Rd2 39. Rd1 Re2 {...}
0-1

[Event "Malaga op-13"]
[Site "Malaga"]
[Date "2010.02.27"]
[Round "9.4"]
[White "Arribas Lopez, Angel"]
[Black "Ortiz Suarez, Isan Reynaldo"]
[Result "1/2-1/2"]
[WhiteElo "2441"]
[BlackElo "2527"]
[PlyCount "110"]
[EventDate "2010.02.20"]

1. e4 c5 2. Ne2 d6 3. g3 Nc6 4. Bg2 g6 5. d4 cxd4 6. Nxd4 Bg7 7. Ne2 Nf6 8.
Nbc3 O-O 9. O-O Bd7 10. a4 Rc8 11. Nd5 Nxd5 12. exd5 Na5 13. Ra2 Qc7 14. b3 {=}
Rfe8 15. Be3 e5 16. dxe6 fxe6 17. Qd2 Bc6 18. Bh3 b6 19. Nd4 Bxd4 20. Qxd4 Ba8
21. Qf6 Qf7 22. Qxf7+ Kxf7 23. Rd1 d5 24. f4 Nc6 25. Rb2 Nb4 26. Rd2 Rc7 27.
Bd4 Nc6 28. Be3 Rec8 29. c3 Kf6 30. Bg2 h5 31. b4 d4 32. Bxd4+ Nxd4 33. cxd4
Rc1+ 34. Kf2 Bxg2 35. Kxg2 Rd8 36. a5 Rd5 37. axb6 axb6 38. Kf3 Rc4 39. Ke3 Rb5
40. Kf3 Ke7 41. h3 Kd6 42. g4 Rc3+ 43. Kg2 h4 44. Re2 Rg3+ 45. Kh2 Rc3 46. Re4
Kd7 47. Rbe2 Rxb4 48. Rxe6 Rbb3 49. Rxg6 Rxh3+ 50. Kg2 Rbg3+ 51. Kf2 Rh2+ 52.
Ke1 Rh1+ 53. Kf2 Rh2+ 54. Ke1 Rh1+ 55. Kf2 Rh2+ 1/2-1/2

[Event "Malaga op-13"]
[Site "Malaga"]
[Date "2010.02.27"]
[Round "9.6"]
[White "Nava Baro, Enrique"]
[Black "Bellon Lopez, Juan Manuel"]
[Result "1/2-1/2"]
[WhiteElo "2208"]
[BlackElo "2440"]
[PlyCount "136"]
[EventDate "2010.02.20"]

1. d4 Nf6 2. c4 c5 3. Nf3 cxd4 4. Nxd4 e5 5. Nc2 d5 6. cxd5 Qxd5 7. Qxd5 Nxd5
8. e4 Nb4 9. Bb5+ Bd7 10. Bxd7+ Nxd7 11. Nxb4 Bxb4+ 12. Bd2 Rc8 13. Bc3 Rc4 14.
f3 Nc5 15. Ke2 Bxc3 16. Nxc3 Ne6 17. Rhd1 Nd4+ 18. Kd3 Rc6 19. Ne2 Ne6 20. Rac1
Rxc1 21. Rxc1 Kd7 22. g3 h5 23. h4 Rh6 24. Ke3 Rg6 25. Rd1+ Ke7 26. Kf2 Nd8 27.
Rd5 Nc6 28. Nc3 b6 29. a3 Re6 30. Rd3 Nd4 31. Nd5+ {=} Kd6 32. Rc3 Nc6 33. Ne3
g6 34. Rd3+ Kc7 35. g4 hxg4 36. fxg4 Nd4 37. Rc3+ Kd8 38. g5 Rc6 39. Rxc6 Nxc6
40. Kg3 Ke7 41. Kg4 Kd6 42. b4 Nd4 43. h5 gxh5+ 44. Kxh5 Ke6 45. g6 fxg6+ 46.
Kxg6 Nb5 47. Nc4 Nc3 48. Nd2 b5 49. Kg5 Ne2 50. Nb3 Nd4 51. Nxd4+ exd4 52. Kf4
a6 53. e5 d3 54. Ke3 Kxe5 55. Kxd3 Kd5 56. Kc3 Ke4 57. Kb3 Kd3 58. a4 Kd4 59.
axb5 axb5 60. Kb2 Kc4 61. Kc2 Kxb4 62. Kb2 Kc4 63. Kc2 b4 64. Kb2 b3 65. Kb1
Kc3 66. Kc1 b2+ 67. Kb1 Kd4 68. Kxb2 Kc4 1/2-1/2

[Event "Malaga op-13"]
[Site "Malaga"]
[Date "2010.02.27"]
[Round "9.8"]
[White "Charro Calvo, Jesus"]
[Black "Munoz Moreno, Francisco Javier"]
[Result "0-1"]
[WhiteElo "1729"]
[BlackElo "2295"]
[PlyCount "92"]
[EventDate "2010.02.20"]

1. e4 c5 2. Nf3 d6 3. d4 Nf6 4. Nc3 cxd4 5. Nxd4 a6 6. Be2 e5 7. Nb3 Be7 8. O-O
O-O 9. Kh1 Be6 10. f4 Qc7 11. Be3 b5 12. Bf3 Nbd7 13. Ne2 Rac8 14. c3 Nb6 15.
f5 Bd7 16. Ng3 Nc4 17. Bc1 a5 18. Qe1 Bc6 19. Rb1 Rfe8 20. Bg5 Rcd8 21. Nh5
Nxh5 22. Bxe7 Qxe7 23. Bxh5 Qg5 24. Bf3 a4 25. h4 Qf4 26. g3 Qe3 27. Qxe3 Nxe3
28. Rfe1 Nxf5 29. Nd2 Ne7 30. c4 bxc4 31. Nxc4 f5 32. Rbd1 fxe4 33. Bg2 Nf5 34.
Bh3 Nd4 35. Bg2 d5 36. Ne3 Nf3 37. Bxf3 exf3 38. Rc1 Ba8 39. Nf5 d4 40. Rf1 g6
41. Nh6+ Kg7 42. Ng4 Re7 43. Rc5 e4 44. h5 gxh5 45. Rxh5 e3 46. Rg5+ Kh8 0-1

[Event "Malaga op-13"]
[Site "Malaga"]
[Date "2010.02.27"]
[Round "9.10"]
[White "Camacho Collados, Marcos"]
[Black "Walton, Alan J"]
[Result "0-1"]
[WhiteElo "2284"]
[BlackElo "2137"]
[PlyCount "200"]
[EventDate "2010.02.20"]

1. e4 e6 2. d3 d5 3. Nd2 Nf6 4. Ngf3 Be7 5. g3 b5 6. Bg2 c5 7. O-O a5 8. Re1
Nc6 9. e5 Nd7 10. Nf1 b4 11. h4 Ba6 12. N1h2 Qb6 13. Bf4 c4 14. d4 h6 15. g4
O-O-O 16. g5 hxg5 17. hxg5 Nf8 18. a3 Ng6 19. Bg3 b3 20. cxb3 cxb3 21. a4 Kd7
22. Re3 Rb8 23. Nf1 Rhc8 24. Rc3 Bb4 25. Rxb3 Nge7 26. Bh3 Bxf1 27. Kxf1 Rh8
28. Kg2 g6 29. Rd3 Nf5 30. Rc1 Be7 31. b3 Ba3 32. Rb1 Be7 33. Bg4 Qd8 34. Qd2
Rb4 35. Rc1 Rb6 36. Qf4 Qb8 37. Rdc3 Ba3 38. Rb1 Rb4 39. Rd3 Rb6 40. Nh2 Be7
41. Be2 Rb4 42. Nf3 Rxa4 43. Rc1 Rb4 44. Qd2 Rc8 45. Bf4 Rb6 46. Qa2 Bb4 47.
Rdd1 Ke7 48. Be3 Rh8 49. Qa4 Kd7 50. Rc2 Rc8 51. Rdc1 Nfe7 52. Nh2 Qb7 53. Ng4
Kc7 54. Nf6 Kb8 55. Rh1 Nf5 56. Rh7 Bf8 57. Rh8 Rb4 58. Qa1 Be7 59. Rxc8+ Qxc8
60. Qc1 Rb6 61. Bd3 Qb7 62. Bxf5 gxf5 63. Kg1 Nb4 64. Rd2 Nc6 65. Rd3 a4 66.
Bd2 axb3 67. Qb2 Nd8 68. Ng8 Ba3 69. Qb1 Nc6 70. Nf6 Be7 71. Qb2 Nd8 72. Ng8
Ba3 73. Qb1 Nc6 {=} 74. Kg2 Kc7 75. Nf6 Be7 76. Qb2 Bb4 77. Rxb3 Bc5 78. Rxb6
Qxb6 79. Qa2 Qa7 80. Nxd5+ exd5 81. Qxd5 Bxd4 82. Qxf7+ Kb6 83. Qb3+ Kc7 84.
Bf4 Qc5 85. e6+ Kd8 86. g6 Bf6 87. Be3 Qd6 88. Qc4 Ke8 89. Bf4 Ne5 90. Bxe5
Bxe5 91. f4 Qd2+ 92. Kh1 Qe1+ 93. Kg2 Qd2+ 94. Kh1 Bxf4 95. Qc8+ Ke7 96. Qb7+
Kf6 97. Qf7+ Kg5 98. Qh7 Qe1+ 99. Kg2 Qe2+ 100. Kg1 Be3+ 0-1

[Event "Malaga op-13"]
[Site "Malaga"]
[Date "2010.02.27"]
[Round "9.12"]
[White "Gutierrez Castillo, Paloma"]
[Black "Colovic, Aleksander"]
[Result "1/2-1/2"]
[WhiteElo "2161"]
[BlackElo "2464"]
[PlyCount "58"]
[EventDate "2010.02.20"]

1. e4 c5 2. Nf3 e6 3. g3 Nc6 4. Bg2 d6 5. O-O Nf6 6. Re1 Be7 7. e5 dxe5 8. Nxe5
Nxe5 9. Rxe5 O-O 10. Nc3 Qc7 11. Re1 Rd8 12. Qe2 Bd7 13. d3 Qb6 14. b3 Bc6 15.
Ne4 Nxe4 16. Bxe4 Bf6 17. Rb1 Rac8 18. a4 Bc3 19. Bd2 Qb4 20. Bxc3 Qxc3 21.
Bxc6 Rxc6 22. Rbc1 Rd5 23. Qf3 h6 24. Re4 Qb2 25. Ree1 Re5 26. Qf4 Rxe1+ 27.
Rxe1 Qxc2 28. Qb8+ Kh7 29. Qxb7 Rd6 {=} 1/2-1/2

[Event "Malaga op-13"]
[Site "Malaga"]
[Date "2010.02.27"]
[Round "9.14"]
[White "Ivanov, Jordan"]
[Black "Aranaz Murillo, Amalia"]
[Result "1/2-1/2"]
[WhiteElo "2409"]
[BlackElo "2057"]
[PlyCount "55"]
[EventDate "2010.02.20"]

1. d4 d5 2. c4 c6 3. Nf3 Nf6 4. e3 a6 5. Qc2 Bg4 6. Ne5 e6 7. Nd2 Bf5 8. Qb3
Ra7 9. f3 h6 10. c5 Nbd7 11. Qc3 Qc7 12. b4 Nxe5 13. dxe5 Nd7 14. Bb2 a5 15. a3
axb4 16. axb4 Rxa1+ 17. Bxa1 b6 18. cxb6 Qxb6 19. b5 Bc5 20. bxc6 Qxc6 21. Nb3
Qb6 22. Nxc5 Nxc5 23. Be2 O-O 24. O-O Ra8 25. Rf2 Qb1+ 26. Rf1 Qb6 27. Rf2 Qb1+
28. Rf1 1/2-1/2

[Event "Malaga op-13"]
[Site "Malaga"]
[Date "2010.02.27"]
[Round "9.16"]
[White "Guadamuro Torrente, Anabel"]
[Black "Claros Egea, Cristian"]
[Result "1/2-1/2"]
[WhiteElo "2118"]
[BlackElo "2271"]
[PlyCount "71"]
[EventDate "2010.02.20"]

1. e4 e5 2. Nf3 Nc6 3. Bc4 Nf6 4. d3 Be7 5. Nbd2 d6 6. c3 O-O 7. Bb3 Be6 8. Nc4
b5 9. Ne3 d5 10. Qc2 d4 11. Nf1 Bxb3 12. axb3 dxc3 13. bxc3 Qd7 14. Bg5 b4 15.
Bxf6 Bxf6 16. Ne3 bxc3 17. Qxc3 Nd4 18. Nd1 Nxf3+ 19. gxf3 Bd8 20. Rc1 Re8 21.
Rg1 Re6 22. f4 c6 23. Ne3 Bb6 24. Nf5 Rg6 25. Ke2 Bd4 26. Qc4 c5 27. fxe5 Re8
28. Nxd4 cxd4 29. f4 Rxg1 30. Rxg1 Rc8 31. Qd5 Qh3 32. Qxd4 Qxh2+ 33. Kf3 Qh3+
34. Ke2 Qh2+ 35. Kf3 Qh3+ 36. Ke2 1/2-1/2

[Event "Malaga op-13"]
[Site "Malaga"]
[Date "2010.02.27"]
[Round "9.18"]
[White "Spence, David J"]
[Black "Ramos Moreno, Francisco Jose"]
[Result "1-0"]
[WhiteElo "2268"]
[BlackElo "2132"]
[PlyCount "73"]
[EventDate "2010.02.20"]

1. e4 b6 2. d4 Bb7 3. Bd3 Nf6 4. Nd2 c5 5. c3 cxd4 6. cxd4 Nc6 7. Ne2 Nb4 8.
Bb1 Ba6 9. Nf3 Rc8 10. a3 Bxe2 11. Kxe2 Nc6 12. Re1 e6 13. Kf1 d5 14. e5 Nd7
15. Ng5 Qe7 16. b4 h6 17. Nf3 Qd8 18. Bd3 Be7 19. Be3 Bg5 20. Nxg5 hxg5 21. Kg1
f5 22. exf6 gxf6 23. f4 gxf4 24. Bxf4 Nf8 25. Ba6 Rc7 26. Rc1 Kf7 27. Bg3 e5
28. dxe5 fxe5 29. b5 Rh6 30. bxc6 Ng6 31. Bc4 Ne7 32. Bxe5 Rcxc6 33. Rf1+ Kg8
34. Qf3 Rh7 35. Bd3 Rg6 36. Bxg6 Nxg6 37. Qg4 1-0

[Event "Malaga op-13"]
[Site "Malaga"]
[Date "2010.02.27"]
[Round "9.20"]
[White "Ruiz Gutierrez, Manuel"]
[Black "Marquez Bernal, Florencio"]
[Result "1-0"]
[WhiteElo "2226"]
[BlackElo "2003"]
[PlyCount "59"]
[EventDate "2010.02.20"]

1. d4 f5 2. Nf3 Nf6 3. g3 c6 4. Bg2 d6 5. b3 Qa5+ 6. Nfd2 e5 7. Bb2 Qc7 8. dxe5
dxe5 9. e4 Bd6 10. Nc4 Bb4+ 11. Nbd2 Nxe4 12. Bxe4 fxe4 13. Qh5+ Qf7 14. Qxe5+
Be6 15. O-O-O O-O 16. Nxe4 Nd7 17. Qd4 Bxc4 18. bxc4 Rad8 19. c5 Ba5 20. Ng5
Nf6 21. Nxf7 Rxd4 22. Nh6+ gxh6 23. Rxd4 Nd5 24. c4 Nb4 25. a3 Na6 26. Rg4+ Kf7
27. Rf4+ Kg8 28. Rxf8+ Kxf8 29. Bd4 Nc7 30. Kc2 1-0